000 00457nam a22001217a 4500
040 _cHS
082 _a635
110 _aការិយាល័យផ្សព្វផ្សាយកសិកម្ម
245 _aការវិភាគប្រព័ន្ធក្សេត្រ - បរិស្ថាន
260 _aCambodia
_bការិយាល័យផ្សព្វផ្សាយកសិកម្ម
_c2005
300 _a63p;
942 _cKB
999 _c9442
_d9442